Im reiche des lichtes (Record no. 529)

MARC details
000 -LEADER
fixed length control field 00510nam a2200193Ia 4500
003 - CONTROL NUMBER IDENTIFIER
control field IN-BaIIA
008 - FIXED-LENGTH DATA ELEMENTS--GENERAL INFORMATION
fixed length control field 211028s9999 xx 000 0 eng d
040 ## - CATALOGING SOURCE
Transcribing agency IIA Library
080 ## - UNIVERSAL DECIMAL CLASSIFICATION NUMBER
Universal Decimal Classification number 52
Item number GRU
100 ## - MAIN ENTRY--PERSONAL NAME
Personal name Gruson, Hermann
9 (RLIN) 1199
245 #0 - TITLE STATEMENT
Title Im reiche des lichtes
Remainder of title sonnes, zodiak, ellichte kometen
Statement of responsibility, etc. Hermann Gruson
260 ## - PUBLICATION, DISTRIBUTION, ETC.
Place of publication, distribution, etc. Braunschweig
Name of publisher, distributor, etc. George Westermann
Date of publication, distribution, etc. 1895
300 ## - PHYSICAL DESCRIPTION
Extent xi, 263p.
650 ## - SUBJECT ADDED ENTRY--TOPICAL TERM
Topical term or geographic name entry element Archives
650 ## - SUBJECT ADDED ENTRY--TOPICAL TERM
Topical term or geographic name entry element Comets
9 (RLIN) 755
650 ## - SUBJECT ADDED ENTRY--TOPICAL TERM
Topical term or geographic name entry element Solar system
650 ## - SUBJECT ADDED ENTRY--TOPICAL TERM
Topical term or geographic name entry element Sun
9 (RLIN) 1200
942 ## - ADDED ENTRY ELEMENTS (KOHA)
Koha item type Books
Holdings
Withdrawn status Lost status Damaged status Not for loan Home library Current library Shelving location Date acquired Total Checkouts Full call number Barcode Date last seen Price effective from Koha item type
        IIA Library-Bangalore IIA Library-Kodaikanal General Stacks     52/ GRU 548 05/11/2021   Books

Powered by Koha